LEADER 00792nam a2200205 i 4500 001 000000187446 003 CaOOAMICUS 005 20100317000000.0 008 100317s1962 it u000 u spa u 013 $a165537 040 $aSeMil$bita 100 1 $aCapmany, José.$0(OLS)http://semarc/name/16751 245 13$aLa espiritualidad del sacerdote diocesano /$cJosé Capmany. 260 $aBarcelona :$bHerder,$c1962. 300 $a359 p. ;$c22 cm. 650 4$aSacerdozio - Spiritualità.$0(OLS)http://semarc/subject/2395 850 $aSeMil 852 $aSeMil$W1$xVenegono$y1$m3G IV 116$j138133$B138133$CSeMilBibl$Z2$F149595 $81 996 $6245$aLa espiritualidad del sacerdote diocesano$9(OLS)http://semarc/title/269658 996 $6260$aBarcelona :$bHerder$9(OLS)http://semarc/publisher/29929 LEADER 01450nas a2200289 i 4500 001 000000210366 003 CaOOAMICUS 005 20190429103619.0 008 120123b2012 it uu u0 0ita r 013 $a189179 040 $aSeMil$bita 245 10$a[2012 : N. 229-234]. 260 $aFirenze :$bGiunti,$c2012. 300 $a1 v. (varie sequenze) :$bill. ;$c29 cm. 500 $aDal N. 232 (Lug.-Ago. 2012) il formato varia in : 24 cm. 774 0 $tMollo tutto e vado a vivere a... - 80 p. ; 29 cm. - Titolo principale dalla copertina. - In copertina.$w()276620 774 0 $tMisura della felicità ; Scelte e decisioni [Dossier]. - 80 p. ; 29 cm. - Titoli principali dalla copertina. - In copertina.$w()276773 774 0 $tGenerazione touch screen ; Aspetti dell'ipermodernità [Dossier]. - 80 p. ; 29 cm. - Titoli principali dalla copertina. - In copertina.$w()277109 774 0 $tEcologia e benessere [Dossier]. - 80 p. ; 24 cm. - Titolo principale dalla copertina. - In copertina.$w()277486 774 0 $tCoscienza inizia dall'inconscio.$w()277792 774 0 $tIntervista a Oliver Sacks.$w()278066 850 $aSeMil 852 $aSeMil$W1$xVenegono$y1$m149 6 24$j160813$B160813$CSeMilBibl$Z2$F180635 $85 961 $aAbbonamento: Centro Editoriale Dehoniano 996 $6245$a[2012 : N. 229-234]$9(OLS)http://semarc/title/304100 996 $6260$aFirenze :$bGiunti$9(OLS)http://semarc/publisher/30127